Countries of the African Union - Statistics

General Stats
  • This quiz has been taken 965 times
    790 since last reset
  • The average score is 47 of 55
Answer Stats
Country % Correct
Algeria
95%
Egypt
92%
South Sudan
92%
Sudan
92%
Angola
91%
Morocco
91%
Niger
91%
Chad
90%
D. R. Congo
90%
Ethiopia
90%
Libya
90%
Rep. of the Congo
90%
South Africa
90%
Zimbabwe
90%
Ghana
89%
Guinea
89%
Tunisia
89%
Zambia
89%
Eritrea
88%
Kenya
88%
Mali
88%
Nigeria
88%
Rwanda
88%
Somalia
88%
Benin
87%
Burundi
87%
Gambia
87%
Lesotho
87%
Botswana
86%
Cape Verde
86%
Equatorial Guinea
86%
Guinea-Bissau
86%
Mauritania
86%
Senegal
86%
Togo
86%
Uganda
86%
Cameroon
85%
Central African Republic
85%
Cote d'Ivoire
85%
Djibouti
85%
Liberia
85%
Madagascar
85%
Mozambique
85%
Namibia
85%
Comoros
84%
Mauritius
84%
Tanzania
84%
Burkina Faso
83%
Seychelles
83%
Gabon
82%
São Tomé and Príncipe
82%
Malawi
81%
Sierra Leone
78%
Swaziland
67%
Western Sahara
32%
No matching quizzes found
Score Distribution
Percent of People with Each Score
Percentile by Number Answered
Your Score History
You have not taken this quiz since the last reset